Statistics for Pi Digits #14 1201-1300

Click here to take the quiz!

General Stats

  • This quiz has been taken 229 times
  • The average score is 14 of 20

Answer Stats

Digits% Correct
16035
100%
85836
100%
63707
84%
66010
84%
47101
79%
81942
74%
46767
68%
55379
68%
61989
68%
68471
68%
77472
68%
94482
68%
95559
68%
04047
63%
25906
63%
46684
63%
53464
63%
62080
63%
83744
63%
94912
63%

Score Distribution

Percentile by Number Answered

Percent of People with Each Score

Your Score History

You have not taken this quiz